01173nam a2200325Ia 450000500170000000700030001700800410002002000180006104000350007904100130011408200210012710000310014824501060017924600300028525000230031526400410033830000770037933600270045633700330048333800280051649000160054452100530056053400290061365000300064265000510067265000550072370000420077894200120082099900150083220220317001426.0ta210913s2014 ag ao jr 000 0 spa d a9789871217519 aCO-BoRNBPbspaerdacCO-BoRNBP1 aspahger04a111.5 bD15q2221 aDamm, Antjed1965-eautora11a¿Qué es la nada?ctextos, ilustraciones y fotografías Antje Damm ; traducción Alejandra Villar34aNadab¿Qué es la nada? aPrimera edición  1aArgentinabEdiciones iamiquéc2014 a[71] páginas sin numerarbilustraciones, fotografías a colorc15 cm atextobtxt2rdacontent asin mediaciónbn2rdamedia avolumenbnc2rdacarrier0 aLos Filosos aRecomendado para un público mayor de 12 años tNichts und wieder nichts17aFilosofía moderna2LEMB17aExistencialismo xPreguntas y respuestas2LEMB17aÉtica existencial xPreguntas y respuestas2LEMB1 aVillar, Alejandraetraductora9190938 2ddccBK c6938d6938